000 01962cam a22004574i 4500
003 PE-LiUPU
005 20250731184111.0
008 150706s2009 ck a rb 000 0 spa d
020 _a9789586486187
035 _a(Sirsi) i9789586486187
040 _aPE-LiUPU
_bspa
_cPE-LiUPU
_erda
049 _aPRUA
082 0 4 _a808
_bN61
_221
100 1 _aNiño Rojas, Víctor Miguel,
_eautor.
245 1 0 _aCómo formar niños escritores :
_bLa estrategia de taller /
_cVíctor Miguel Niño Rojas.
264 1 _aBogotá :
_bEcoe Ediciones,
_c2009.
300 _a146 páginas :
_bilustraciones ;
_c21 centímetros
336 _atext
_2rdacontent
337 _aunmediated
_2rdamedia
338 _avolume
_2rdacarrier
504 _aIncluye bibliografía.
505 0 _aLa comunicación escrita en el entorno infantil -- La motivación para escribir -- Interacción social y comunicación escrita -- Los talleres integrales de escritura -- Estrategias para la composición -- Vida de los textos en la práctica de talleres.
526 _aP145
526 _aP127
526 _aP97
526 _aP14
526 _aP07
650 0 4 _aArte de escribir
_xEnseñanza.
650 0 4 _aComunicación escrita
_xEnseñanza.
650 0 4 _aCreación literaria
_xEnseñanza.
650 0 4 _aPromoción de la lectura.
650 0 4 _aTalleres literarios.
700 1 _aPachón Avellaneda, Tatiana E.,
_eautor.
910 _bjv
_clch
_d20100520
942 _2ddc
_cBOOK
949 _a808 N61
_wDEWEY
_c1
_i61720
_d2016-6-16
_e2016-4-22
_lCCODEBUL1
_mBUL
_n2
_p22.00
_r0
_sY
_tBOOK
_u2015-7-6
_xEDUCACION
_PP20
_0COMPRA
_o.STAFF. Colección General
994 _aC0
_bPEPRU
596 _a1
999 _a808 N61
_wDEWEY
_c50867
_i61720
_d50867
_e2016-4-22
_f2021-11-9
_g5
_lCCODEBUL1
_mBUL
_n2
_p22.00
_r0
_sY
_tBOOK
_u2015-7-6
_xEDUCACION
_PP20
_0COMPRA
_o.STAFF. Colección General
980 _81
_gALBERTO SANCHEZ Responsable de Automatización